Virus and virus-like diseases of major crops in developing countries
Shranjeno v:
| Glavni avtor: | |
|---|---|
| Format: | Knjiga |
| Jezik: | Undetermined |
| Izdano: |
London
Kluwer Academic Publishers
2003
|
| Teme: | |
| Oznake: |
Označite
Brez oznak, prvi označite!
|
| Thư viện lưu trữ: | Trung tâm Học liệu Trường Đại học Cần Thơ |
|---|
| LEADER | 00623nam a2200205Ia 4500 | ||
|---|---|---|---|
| 001 | CTU_88074 | ||
| 008 | 210402s9999 xx 000 0 und d | ||
| 020 | |c 385.88 | ||
| 082 | |a 635.9 | ||
| 082 | |b L825 | ||
| 100 | |a Loebenstein, Gad | ||
| 245 | 0 | |a Virus and virus-like diseases of major crops in developing countries | |
| 245 | 0 | |c Gad Loebenstein | |
| 260 | |a London | ||
| 260 | |b Kluwer Academic Publishers | ||
| 260 | |c 2003 | ||
| 650 | |a Plants, ornamental,Virus diseases of plants,Plant diseases | ||
| 650 | |x Diseases and pests | ||
| 904 | |i Tuyến | ||
| 980 | |a Trung tâm Học liệu Trường Đại học Cần Thơ | ||